[Event "N� LL 2004/05"]
[Site "?"]
[Date "2005.04.17"]
[Round "11"]
[White "Wallner, Erich"]
[Black "Pernerstorfer, Johannes"]
[Result "0-1"]
[WhiteElo "2111"]
[BlackElo "2046"]
[Annotator "St.P�lten : P�chlarn"]
[PlyCount "88"]

1. d4 Nf6 2. Bg5 e6 3. Nd2 Be7 4. e3 c5 5. c3 cxd4 6. exd4 b6 7. Ngf3 O-O 8.
Bd3 Bb7 9. O-O d6 10. Re1 Nbd7 11. Nf1 Nh5 12. Bd2 a6 13. Qe2 b5 14. Rad1 g6
15. g3 Qc7 16. Bh6 Rfe8 17. N1d2 Bf6 18. a3 e5 19. dxe5 dxe5 20. Be4 Nc5 21.
Bxb7 Qxb7 22. Ne4 Nxe4 23. Qxe4 Qc7 24. Rd5 Bh8 25. Qe2 Rad8 26. Red1 Rxd5 27.
Rxd5 Qc6 28. Qd1 e4 29. Rd6 Qc8 30. Nh4 Be5 31. Rd2 Nf6 32. Bg5 Ng4 33. Ng2 Bc7
34. Bf4 Bxf4 35. Nxf4 Ne5 36. Kg2 Nc4 37. Rd7 e3 38. Qd5 Ne5 39. Ra7 exf2 40.
Kxf2 Qf5 41. h4 Qc2+ 42. Kg1 Qb1+ 43. Kg2 Qxb2+ 44. Kh3 Qf2 0-1

[Event "N� LL 2004/05"]
[Site "?"]
[Date "2005.04.17"]
[Round "11"]
[White "Vyskocil, Neklan"]
[Black "Winiwarter, Felix"]
[Result "1-0"]
[WhiteElo "2305"]
[BlackElo "2210"]
[Annotator "Krems : Zwettl"]
[PlyCount "65"]

1. e4 e6 2. d4 d5 3. Nd2 Nf6 4. e5 Nfd7 5. c3 c5 6. f4 Nc6 7. Ndf3 cxd4 8. cxd4
Bb4+ 9. Kf2 f6 10. g3 O-O 11. Kg2 fxe5 12. fxe5 Qb6 13. Bd3 h6 14. Bc2 Rf7 15.
Bg6 Rf8 16. Nh3 Nxd4 17. Nxd4 Nxe5 18. Bb1 Bd7 19. Nf4 Rac8 20. Be3 Nc4 21. Bf2
e5 22. Nc2 d4 23. Nd5 Qe6 24. Ncxb4 Qh3+ 25. Kg1 Rxf2 26. Ne7+ Kf7 27. Kxf2
Kxe7 28. Qf3 Ne3 29. Nd5+ Nxd5 30. Qxd5 Rf8+ 31. Ke1 Bc6 32. Qc5+ Ke8 33. Bg6+
1-0

[Event "N� LL 2004/05"]
[Site "?"]
[Date "2005.04.17"]
[Round "11"]
[White "W�ber, Friedrich"]
[Black "Holemar, David"]
[Result "0-1"]
[WhiteElo "2189"]
[BlackElo "2380"]
[Annotator "Krems : Zwettl"]
[PlyCount "108"]

1. e4 c5 2. d4 cxd4 3. c3 dxc3 4. Nxc3 Nc6 5. Nf3 Nf6 6. Bc4 e6 7. O-O Nxe4 8.
Nxe4 d5 9. Bb5 dxe4 10. Bxc6+ bxc6 11. Qxd8+ Kxd8 12. Ng5 Ke8 13. Nxe4 Ba6 14.
Rd1 Bc4 15. Be3 Bd5 16. Nc5 Bd6 17. b3 Ke7 18. Rac1 Rab8 19. Rd4 a5 20. Rg4 g6
21. Rh4 h5 22. Ne4 Bxe4 23. Rxe4 Rb4 24. Rec4 Rxc4 25. Rxc4 Kd7 26. h3 Rb8 27.
Bd2 Rb5 28. g4 Bb4 29. Be3 hxg4 30. hxg4 Rd5 31. Kg2 Rd1 32. Bc5 Bxc5 33. Rxc5
Rd4 34. Rxa5 Rxg4+ 35. Kf3 f5 36. Ra7+ Kd6 37. Rb7 Rg1 38. a4 Ra1 39. Kf4 Rg1
40. b4 g5+ 41. Ke3 Ra1 42. a5 Ra2 43. Rb6 Kd5 44. Rb8 g4 45. Rd8+ Ke5 46. f4+
gxf3 47. Kxf3 Ra3+ 48. Ke2 Ra4 49. Rb8 Ke4 50. Rb6 e5 51. Kd2 f4 52. Kc3 f3 53.
Rxc6 f2 54. Rf6 Ra3+ 0-1

[Event "N� LL 2004/05"]
[Site "?"]
[Date "2005.04.17"]
[Round "11"]
[White "D�ckstein, Andreas"]
[Black "Mayer, Martin"]
[Result "1-0"]
[WhiteElo "2288"]
[BlackElo "2000"]
[Annotator "Krems : Zwettl"]
[PlyCount "65"]

1. e4 c5 2. Nf3 d6 3. d4 cxd4 4. Qxd4 Nc6 5. Bb5 Bd7 6. Bxc6 Bxc6 7. Nc3 Nf6 8.
Bg5 e5 9. Qd3 Be7 10. Rd1 Qc7 11. Bxf6 Bxf6 12. Qxd6 Qxd6 13. Rxd6 Ke7 14. Rd3
Rhd8 15. Ke2 Rxd3 16. cxd3 Ke6 17. Rd1 Rd8 18. Ke3 Rd4 19. Ne2 Rb4 20. b3 g5
21. h3 h5 22. g4 h4 23. Rd2 a5 24. Nc3 Rd4 25. Rc2 Rd7 26. Nd1 Bd8 27. Nb2 f6
28. Nc4 a4 29. d4 axb3 30. axb3 Ke7 31. dxe5 b5 32. exf6+ Kxf6 33. Nce5 1-0

[Event "N� LL 2004/05"]
[Site "?"]
[Date "2005.04.17"]
[Round "11"]
[White "Walter, Martin"]
[Black "Zwettler, Martin"]
[Result "1/2-1/2"]
[WhiteElo "1992"]
[BlackElo "2183"]
[Annotator "Krems : Zwettl"]
[PlyCount "38"]

1. e4 d5 2. exd5 Qxd5 3. d4 Nc6 4. Nf3 e5 5. Nc3 Bb4 6. Bd2 Bxc3 7. Bxc3 e4 8.
Ne5 Nxe5 9. dxe5 Be6 10. Qxd5 Bxd5 11. O-O-O O-O-O 12. e6 f6 13. Bb4 Bxe6 14.
Rxd8+ Kxd8 15. Bf8 h5 16. Bxg7 Rh7 17. Bf8 Ne7 18. Bxe7+ Kxe7 19. a4 Bg4
1/2-1/2

[Event "N� LL 2004/05"]
[Site "?"]
[Date "2005.04.17"]
[Round "11"]
[White "Posch, Werner"]
[Black "Schorn, Christoph"]
[Result "1-0"]
[WhiteElo "2188"]
[BlackElo "2152"]
[Annotator "Mauerbach : Wr.Neustadt"]
[PlyCount "49"]

1. e4 c5 2. Nc3 d6 3. g3 g6 4. Bg2 Bg7 5. d3 Nc6 6. f4 e6 7. Nf3 Nge7 8. O-O
O-O 9. Be3 Nd4 10. e5 Nef5 11. Bf2 Nxf3+ 12. Qxf3 Nd4 13. Qd1 dxe5 14. fxe5 Rb8
15. Ne4 b6 16. Nf6+ Bxf6 17. exf6 Qxf6 18. c3 Nf5 19. g4 Nd6 20. Bxc5 Qe7 21.
Be3 Bb7 22. Bxb7 Rxb7 23. Qf3 e5 24. Rae1 Qd7 25. Bh6 1-0

[Event "N� LL 2004/05"]
[Site "?"]
[Date "2005.04.17"]
[Round "11"]
[White "Strubreiter, Markus"]
[Black "Lucaci, Marius"]
[Result "0-1"]
[WhiteElo "2029"]
[BlackElo "2153"]
[Annotator "Mauerbach : Wr.Neustadt"]
[PlyCount "32"]

1. e4 e6 2. d4 d5 3. Nd2 Nf6 4. Bd3 c5 5. exd5 Qxd5 6. Ngf3 cxd4 7. O-O Nc6 8.
Qe2 Bd6 9. Nb3 O-O 10. Bg5 Bc7 11. Bxf6 gxf6 12. Be4 Qh5 13. Bxc6 bxc6 14.
Nbxd4 c5 15. Qe4 Rb8 16. Nb3 Bb7 0-1